| 000 | 01018nam a2200325Ia 4500 | ||
|---|---|---|---|
| 003 | OSt | ||
| 005 | 20220912150213.0 | ||
| 006 | a|||||r|||| 00| 0 | ||
| 007 | ta | ||
| 008 | 220909b |||||||| |||| 00| 0 eng d | ||
| 020 | _a047123222X (hbd) | ||
| 024 | _a1330 | ||
| 037 | _cTextbook | ||
| 040 |
_aCSL _beng _cCSL |
||
| 041 | _aeng | ||
| 082 | _aB284, N6;P3;1 TB | ||
| 100 | _aHocking Ronald R | ||
| 245 | 0 | _aMethods and applications of linear models: regression and the analysis of variance | |
| 250 | _a2nd | ||
| 260 |
_aNew Jersey _b John Wiley & Sons _c2003 |
||
| 300 |
_axxi, 741p. _ccm. |
||
| 490 | _aWiley seies in probability and statistics | ||
| 500 |
_aAppendix A-D, 679-725p. _ccm.; Bibliographical references 727-735p. _ccm.; Index 737-741p. _ccm. |
||
| 650 | _a Analysis of Variance | ||
| 650 | _a Linear Models | ||
| 650 | _a Statistics | ||
| 650 | _aRegression Analysis | ||
| 942 |
_hB284, N6;P3;1 TB _cTB _2CC |
||
| 999 |
_c41825 _d41825 |
||